000 00615cam a22002053a 4500
001 35155
003 PGUSA
005 20140828083746.0
008 110203s2011||||xxu|||||s|||||000 | eng d
040 _aPGUSA
_beng
042 _adc
100 1 _aManzoni, Alessandro,
_d1785-1873
245 1 4 _aThe Betrothed :
_bFrom the Italian of Alessandro Manzoni
_h[electronic resource] /
_cAlessandro Manzoni
260 _bProject Gutenberg,
_c2011
506 _aPublic domain in the USA.
516 _aElectronic text
830 0 _aProject Gutenberg
_v35155
856 4 0 _uhttp://www.gutenberg.org/ebooks/35155
942 _cEB
999 _c264410
_d264410